Statystyki dla Państwa, które najwięcej razy wygrały JESC.

Kliknij tutaj aby rozwiązać quiz!

Ogólne statystyki

  • Ten quiz został rozwiązany 89 razy
    (69 od ostatniego zresetowania)
  • Średni wynik to 9 z 12

Statystyki odpowiedzi

WygranePaństwo% Poprawnych
2Polska
96%
2Rosja
92%
1Francja
83%
1Hiszpania
79%
1Ukraina
77%
1Włochy
75%
3Gruzja
70%
2Białoruś
68%
1Holandia
62%
1Armenia
58%
2Malta
47%
1Chorwacja
43%

Rozkład punktacji

Percentyl według liczby udzielonych odpowiedzi

Procent ludzi z każdym wynikiem

Twoja historia wyników

Nie rozwiązałeś tego quizu od ostatniego zresetowania